Test de précision - Déminage (Facile) - Mort Subite - Statistiques

Statistiques générales
  • Ce quiz a été pris 3 599 fois
    3 479 depuis la dernière actualisation
  • Le résultat moyen est 25 sur 32
Answers on the Grid
Answers color-coded by a green-red scale on the quiz's grid according to % correct below.
💣
🪛
💣
🪛
💣
🪛
💣
🪛
💣
🪛
💣
🪛
💣
🪛
💣
🪛
💣
🪛
💣
🪛
💣
🪛
💣
🪛
💣
🪛
💣
🪛
💣
🪛
💣
🪛
💣
🪛
💣
🪛
💣
🪛
💣
🪛
💣
🪛
💣
🪛
💣
🪛
💣
🪛
💣
🪛
💣
🪛
💣
🪛
💣
🪛
💣
🪛
💣
🪛
💣
🪛
💣
🪛
 
Statistiques - réponses
Réponse % Correct
🪛
81%
🪛
81%
🪛
80%
🪛
80%
🪛
80%
🪛
80%
🪛
79%
🪛
79%
🪛
79%
🪛
79%
🪛
79%
🪛
79%
🪛
79%
🪛
79%
🪛
79%
🪛
79%
🪛
79%
🪛
79%
🪛
79%
🪛
79%
🪛
78%
🪛
78%
🪛
78%
🪛
78%
🪛
78%
🪛
78%
🪛
78%
🪛
78%
🪛
78%
🪛
78%
🪛
77%
🪛
77%
Aucun quiz correspondant
Distribution des résultats
% des personnes avec chaque résultat
Percentile par nombre de réponses
Votre historique - résultats
Vous n’avez pas pris ce quiz depuis la dernière actualisation